Online
Catalog

La frontera dominico- haitiana. / (Record no. 53013)

MARC details
000 -CABECERA
campo de control de longitud fija 02708nam a2200409 i 4500
003 - IDENTIFICADOR DEL NÚMERO DE CONTROL
campo de control DO-SdBNP
005 - FECHA Y HORA DE LA ÚLTIMA TRANSACCIÓN
campo de control 20250131160213.0
007 - CAMPO FIJO DE DESCRIPCIÓN FÍSICA--INFORMACIÓN GENERAL
campo de control de longitud fija ta
008 - DATOS DE LONGITUD FIJA--INFORMACIÓN GENERAL
campo de control de longitud fija 221128e2010 dr db|gr|||| 001 e spa d
020 ## - NÚMERO INTERNACIONAL ESTÁNDAR DEL LIBRO
Número Internacional Estándar del Libro 9789945860436
040 ## - FUENTE DE LA CATALOGACIÓN
Centro catalogador/agencia de origen DO-SdBNP
Lengua de catalogación spa
Centro/agencia transcriptor BNPHU
Normas de descripción rda
082 #4 - NÚMERO DE LA CLASIFICACIÓN DECIMAL DEWEY
Número de edición 22
Número de documento/Ítem F935d
245 13 - MENCIÓN DE TÍTULO
Título La frontera dominico- haitiana. /
Mención de responsabilidad, etc. Haroldo Dilla Alfonso,... [et. al.]; Editor, Clarissa Carmona ; Traducciones, Martín Rapilly y Diana Contreras;
264 ## - PRODUCCIÓN, PUBLICACIÓN, DISTRIBUCIÓN, FABRICACIÓN Y COPYRIGHT
Producción, publicación, distribución, fabricación y copyright Santo Domingo :
Nombre del de productor, editor, distribuidor, fabricante Manatí,
Fecha de producción, publicación, distribución, fabricación o copyright 2010.
300 ## - DESCRIPCIÓN FÍSICA
Extensión 355 páginas:
Otras características físicas ilustraciones, fotografías, gráficos y mapas ;
Dimensiones 23 cm.
336 ## - TIPO DE CONTENIDO
Fuente rdacontent
Término de tipo de contenido texto
Código de tipo de contenido txt
337 ## - TIPO DE MEDIO
Fuente rdamedia
Nombre/término del tipo de medio sin mediación
Código del tipo de medio n
338 ## - TIPO DE SOPORTE
Fuente rdacarrier
Nombre/término del tipo de soporte volumen
Código del tipo de soporte nc
490 ## - MENCIÓN DE SERIE
Mención de serie Ciudades y Fronteras
500 ## - NOTA GENERAL
Nota general Incluye bibliografía y notas al pié de páginas.
505 ## - NOTA DE CONTENIDO CON FORMATO
Nota de contenido con formato Palabras preliminares /
Mención de responsabilidad Daniel J. O´neil.--
Título Introducción: una mirada a la(s) fronteras(s).--
Mención de responsabilidad Haroldo Dilla Alfonso.--
Título 01 Notas para la historia de la frontera dominico- haitiana. /
Mención de responsabilidad Haroldo Dilla Alfonso. / Clarissa Carmona.--
Título 02 Los corredores transfronterizos desde la perspectiva ambiental: una oportunidad para el desarrollo. /
Mención de responsabilidad Néstor Sánchez.--
Título 03 La nueva economía fronteriza. /
Mención de responsabilidad Haroldo Dilla Alfonso.--
Título 04 Diagnóstico de los agroecositemas de la cuenca transfronteriza del río Pedernales. /
Mención de responsabilidad Stervins Alexis.--
Título 05 Los cambios sociales y demográficos en la frontera. /
Mención de responsabilidad Haroldo Dilla Alfonso.--
Título 06 La nueva geografía de la frontera: corredores, regiones económicas y complejos urbanos transfronterizos. /
Mención de responsabilidad Haroldo Dilla Alfonso.--
Título 07 Legalidad e institucionalidad de la frontera. /
Mención de responsabilidad Haroldo Dilla Alfonso.--
Título 08 Lenguaje y raza en la frontera dominco- haitiana: apuntes antropológicos. /
Mención de responsabilidad Gerald Murray.--
Título 09 ¿Cómo son percibidos los haitianos en frontera?: el caso de Dajabón. /
Mención de responsabilidad Sobeida de Jesús Cedano.--
Título Anexos.--
-- Sobre los Autores.
590 ## - NOTA LOCAL (RLIN)
Nota local Inventariado 2022 / MF
650 #4 - PUNTO DE ACCESO ADICIONAL DE MATERIA--TÉRMINO DE MATERIA
9 (RLIN) 5195
Término de materia o nombre geográfico como elemento de entrada Política de fronteras
Subdivisión general Ensayos, conferencias, etc.
Subdivisión geográfica República Dominicana- Haití
650 #4 - PUNTO DE ACCESO ADICIONAL DE MATERIA--TÉRMINO DE MATERIA
9 (RLIN) 5196
Término de materia o nombre geográfico como elemento de entrada Límites
Subdivisión general Ensayos, conferencias, etc.
Subdivisión geográfica República Dominicana- Haití
651 #4 - PUNTO DE ACCESO ADICIONAL DE MATERIA--NOMBRE GEOGRÁFICO
9 (RLIN) 46033
Nombre geográfico República Dominicana
Subdivisión general Fronteras
Subdivisión geográfica Haití
700 1# - PUNTO DE ACCESO ADICIONAL--NOMBRE DE PERSONA
Nombre de persona Dilla Alsonso, Haraldo
9 (RLIN) 82884
700 1# - PUNTO DE ACCESO ADICIONAL--NOMBRE DE PERSONA
Nombre de persona Stervin, Alexis
9 (RLIN) 82885
700 1# - PUNTO DE ACCESO ADICIONAL--NOMBRE DE PERSONA
Nombre de persona Antoine, Max
9 (RLIN) 82886
700 1# - PUNTO DE ACCESO ADICIONAL--NOMBRE DE PERSONA
9 (RLIN) 5201
Nombre de persona Carmona, Clarissa
700 1# - PUNTO DE ACCESO ADICIONAL--NOMBRE DE PERSONA
Nombre de persona Cedano, Sobeida de Jesús
9 (RLIN) 65218
710 2# - PUNTO DE ACCESO ADICIONAL--NOMBRE DE ENTIDAD CORPORATIVA
Nombre de entidad corporativa o nombre de jurisdicción como elemento de entrada Fundación Panamericana para el Desarrollo (PADF).
9 (RLIN) 82887
710 2# - PUNTO DE ACCESO ADICIONAL--NOMBRE DE ENTIDAD CORPORATIVA
Nombre de entidad corporativa o nombre de jurisdicción como elemento de entrada Fondo Mundial de Inversiones (FORMIN)
9 (RLIN) 82888
710 2# - PUNTO DE ACCESO ADICIONAL--NOMBRE DE ENTIDAD CORPORATIVA
Nombre de entidad corporativa o nombre de jurisdicción como elemento de entrada Banco Interamericano de Desarrollo
9 (RLIN) 9655
710 2# - PUNTO DE ACCESO ADICIONAL--NOMBRE DE ENTIDAD CORPORATIVA
Nombre de entidad corporativa o nombre de jurisdicción como elemento de entrada Organización de los Estados Americanos
9 (RLIN) 17918
910 ## - DATOS DE OPCIÓN DEL USUARIO (OCLC)
Datos de opción del usuario MFeliz
942 ## - ELEMENTOS DE PUNTO DE ACCESO ADICIONAL (KOHA)
Fuente del sistema de clasificación o colocación Dewey Decimal Classification
Tipo de ítem Koha Libro
Holdings
Estado de retiro Estado de pérdida Fuente del sistema de clasificación o colocación Restricciones de uso No para préstamo Código de colección Localización permanente Ubicación/localización actual Ubicación en estantería Fecha de adquisición Fuente de adquisición Signatura topográfica completa Código de barras Fecha visto por última vez Precio válido a partir de Tipo de ítem Koha Nota pública
    Dewey Decimal Classification Excluido de préstamo   Patrimonio Dominicano Biblioteca Nacional Pedro Henríquez Ureña Biblioteca Nacional Pedro Henríquez Ureña En catalogación 19.05.2022 Donación BNPHU PD F935d 2022-5777 28.11.2022 28.11.2022 Libro Donado por Ubi Rivas.

Powered by Koha